| 000 | 01484nam a2200361Ia 4500 | ||
|---|---|---|---|
| 001 | ebr10363750 | ||
| 003 | CaPaEBR | ||
| 006 | m u | ||
| 007 | cr cn||||||||| | ||
| 008 | 071025s2007 ne a sb 011 0 eng d | ||
| 010 | _z 2007044307 | ||
| 020 | _z9789004165090 | ||
| 020 | _z9004165096 | ||
| 040 |
_aCaPaEBR _cCaPaEBR |
||
| 035 | _a(OCoLC)647871784 | ||
| 050 | 1 | 4 |
_aB171 _b.R381 2007eb |
| 245 | 0 | 0 |
_aReading ancient texts _h[electronic resource] : _bessays in honour of Denis O'Brien. _nVolume I, _pPresocratics and Plato / _cedited by Suzanne Stern-Gillet and Kevin Corrigan. |
| 260 |
_aLeiden ; _aBoston : _bBrill, _cc2007- |
||
| 300 |
_axxv, 226 p. : _b1 col. ill. |
||
| 490 | 1 |
_aBrill's studies in intellectual history, _x0920-8607 ; _vv. 161 |
|
| 504 | _aIncludes bibliographical references and indexes. | ||
| 533 |
_aElectronic reproduction. _bPalo Alto, Calif. : _cebrary, _d2010. _nAvailable via World Wide Web. _nAccess may be limited to ebrary affiliated libraries. |
||
| 600 | 0 | 0 | _aPlato. |
| 650 | 0 | _aPhilosophy, Ancient. | |
| 650 | 0 | _aPre-Socratic philosophers. | |
| 655 | 7 |
_aElectronic books. _2local |
|
| 700 | 1 |
_aO'Brien, Denis, _d1936- |
|
| 700 | 1 |
_aStern-Gillet, Suzanne, _d1943- |
|
| 700 | 1 | _aCorrigan, Kevin. | |
| 710 | 2 | _aebrary, Inc. | |
| 830 | 0 |
_aBrill's studies in intellectual history ; _vv. 162. |
|
| 856 | 4 | 0 |
_uhttp://site.ebrary.com/lib/rucke/Doc?id=10363750 _zAn electronic book accessible through the World Wide Web; click to view |
| 999 |
_c214881 _d214881 |
||